00452pab a2200145 454500008004000000100001900040245011400059260000900173300001500182362000800197650002600205650002100231700002500252773002900277180718b2010 xxu||||| |||| 00| 0 eng d aGeurtz, Casper aMaking citizen participation work: The challenging search for new forms of local democracy in the Netherlands c2010 ap.531-549. aAug aWorkers participation aLocal government aWijdeven, Ted Van De aLocal Government Studies